Quizzes
Events
Quiz Creation
Community
Videos
Private Events
Remove Ads
Sign In
Join for FREE
Feedback
Dark Mode
Quiz Categories
Sports
Geography
Music
Movies
Television
Just For Fun
Miscellaneous
History
Literature
Language
Science
Gaming
Entertainment
Religion
Holiday
For Kids
Quiz Lab
Recent
Popular Today
Quiz Kudos Today
Editor Picks
Curator Picks
Quizzes by...
Day
Popularity
Type
Ratings
Length
Year
Community
Subscriptions
Recent Discussions
Orange Saloon
Badges
Playlists
Quests
Create
Leaderboards
Showdown
Live 5
Trivia Bingo
Activity
Puzzle Library
Sporcle Events
Private Events
Virtual Trivia
Globe League
Become a Host
Pub Owners
SporcleCon
Opinionation
Our Games
Videos
Blog
Mobile Apps
Partnerships
Remove Ads and Go Orange
Feedback
Literature
Harry Potter
A Song of Ice and Fire
The Hunger Games
Literary Character
Shakespeare
Book
Author
Novel
Poem
Young Adult
Children's Books
Play
Lord of the Rings
Literature
Harry Potter
A Song of Ice and Fire
The Hunger Games
Literary Character
Shakespeare
Book
Author
Novel
Poem
Young Adult
Children's Books
Play
Lord of the Rings
Random Quiz
Search Sporcle
×
Quiz Lab
Quiz Lab
Literature
Hunger
Type in answers that appear in a list
Type in answers that appear in a list
Classic
Best Score? Go Orange.
Character of the Hunger Games (Series) Stats
Can you name the Character of the Hunger Games (Series)?
By
Jaxxxxxxx
10m
84 Questions
196 Plays
196 Plays
196 Plays
Comments
Comments
Give Quiz Kudos
Give Quiz Kudos
-
- Ratings
hide this ad
More Info
Replay
Link that replays current quiz
Next Quiz
Link to next quiz in quiz playlist
You Got
0%
They Got
Avg Score
72%
Avg Friend Score
Upgrade to see
Score Distribution
Jump to the score distribution portion of the page
Score
0/84
Timer
10:00
0
Plays Today
Mentions
Character
% Correct
1648
Peeta Mellark
99%
293
Primrose Everdeen
98.5%
714
Haymitch Abernathy
98%
329
Katniss Everdeen
97.4%
645
Gale Hawthorne
95.4%
139
Cato
94.4%
238
Cinna
94.4%
464
Finnick Odair
94.4%
241
President Coriolanus Snow
94.4%
209
Rue
94.4%
69
Thresh
91.8%
36
Clove
91.3%
28
Glimmer
90.8%
49
Annie Cresta
90.3%
119
President Alma Coin
90.3%
195
Effie Trinket
88.8%
2
Marvel
88.3%
170
Johanna Mason
87.8%
48
Portia
87.8%
237
Beetee
87.2%
66
Wiress
87.2%
33
Foxface
86.7%
132
Boggs
85.2%
63
Mags
84.7%
41
Octavia
84.2%
38
Enobaria
83.7%
25
Flavius
83.7%
33
Brutus
82.7%
Mentions
Character
% Correct
10
Cashmere
82.7%
11
Posy Hawthorne
82.7%
8
Rory Hawthorne
82.7%
35
Venia
82.1%
38
Madge Undersee
81.6%
208
Plutarch Heavensbee
81.6%
10
Gloss
81.1%
30
Darius
80.1%
34
Hazelle Hawthorne
80.1%
119
Caesar Flickerman
79.6%
21
Chaff
79.6%
5
Vick Hawthorne
79.6%
46
Buttercup
79.1%
7
Seneca Crane
79.1%
10
Seeder
78.6%
3
Mayor Undersee
76%
14
Claudius Templesmith
75.5%
19
Leeg 1
75%
2
Leeg 2
75%
32
Greasy Sae
74%
5
Cecelia
73%
5
Lady
72.4%
3
Woof
72.4%
3
Blight
71.9%
55
Pollux
71.9%
39
Jackson
71.4%
18
Commander Paylor
68.4%
95
Cressida
64.8%
Mentions
Character
% Correct
41
Delly Cartwright
64.8%
15
Mitchell
64.8%
14
Cray
63.3%
3
Lavinia
63.3%
34
Tigris
62.8%
19
Castor
62.2%
22
Romulus Thread
62.2%
35
Bonnie
59.2%
18
Maysilee Donner
58.2%
2
Titus
58.2%
38
Twill
58.2%
38
Fulvia Cardew
57.7%
17
Homes
57.7%
11
Lyme
57.1%
22
Messalla
56.1%
6
Ripper
49%
6
Rooba
48%
5
Atala
46.4%
6
Leevy
45.9%
7
Thom
41.8%
5
Dalton
40.3%
5
Dr Aurelius
39.8%
5
Soldier York
39.3%
1
Tax
39.3%
2
Martin
34.7%
2
Eddy
33.7%
4
Purnia
30.6%
4
Bristel
30.6%
Quiz Playlist
Details
Report
Send in Message
Add To Playlist
More Info:
Includes pets.
Classic:
Type in answers that appear in a list
Last Updated: Feb 16, 2017
Quiz Scoreboard
CHALLENGE
Sign Up to Join the Scoreboard
Show All
Scores
Hide
Comments
May contain spoilers
Recently Published
Pick 6: Fruits
by JohnFran
Miscellaneous
15s
Click the 1999 NBA Draft
by nibperrychub
Sports
2m
Alphabetical 'K' Countries by Flag Minefield
by ylime102
Geography
3m
More to Explore
Quiz From the Vault
Featured Blog Post
15 Basketball Trivia Facts You Can Be March Mad About
hide this ad
You Might Also Like...
Tags
Character
Hunger
mentions
Today's Top Quizzes in Literature
Browse Literature
hide this ad
Today's Top Quizzes in Hunger
Browse Hunger
Top Contributed Quizzes in Literature
1
Season Plays
2
Harry Potter Characters: Logic Puzzle
3
Pick 3: Harry Potter Hogwarts Quidditch Players
4
Harry Potter Logic Quiz New
5
4-to-1 Blitz: Harry Potter
6
Word Ladder: King's 'The Stand'
7
Spring Reading List
8
A Court of Thorns and Roses (ACoTaR) Criteria Quiz
9
Chronology: Percy Jackson - Character deaths
10
percy jackson logic puzzle
Explore More
Trending Topics
Crossword
Marvel
Harry Potter
NBA
Disney
Anime
Kpop
Country
NFL
Song
WWE
Pokémon
Soccer
Puzzle
The Office
hide this ad
More By:
Jaxxxxxxx
Quiz
Plays
Rating
Category
Featured
Created
Characters of Catching Fire (Hunger Games Book 2)
1,041
4.67
Literature
May 9, 2012
Characters of Mockingjay
631
4.33
Literature
May 13, 2012
Characters in The Hunger Games (Book 1)
384
5.00
Literature
May 8, 2012
Character of the Hunger Games (Series)
196
5.00
Literature
May 13, 2012
Go to Creator's Profile
Score Distribution
Quiz Creator Spotlight
Jaxxxxxxx
Follow
Send a Message
Quizzes Created
-
Created Quiz Play Count
-
More By This Creator
Popular Quizzes Today
1
Countries of Asia Without Outlines Minefield
2
Find the US States - No Outlines Minefield
3
Pick 6: Fruits
4
Alphabetical 'K' Countries by Flag Minefield
5
The Countries of the World
6
Find the US States
7
Find the Countries of Europe - No Outlines Minefield
8
US States
More Literature Quizzes
7 to 1 Harry Potter XXXVI: Albus Dumbledore
Quiz Lab
Trending Quizzes
Pick 6: Mountains
Pick 6: Harry Potter
Pick 6: Flags
Pick 6: NFL Teams
Pick 6: Movie Franchises
Recently Updated
NWSL Teams
pecheneg
Women's Final Four Teams by Year
bhenderson79
Presidents Quartet II
eogle
Anything But Clue(do)
eogle
Anything But Oceanian Capitals
eogle
Anything But 7
eogle
Anything But Thing
eogle
Word Ladder: February 29
pecheneg
Song Title Questions
pecheneg
Women's NCAA Tournament #1 Seeds
pecheneg
Trending Topics
Crossword
Harry Potter
Anime
Kpop
Disney
NBA
Marvel
The Office
Pokémon
Soccer
WWE
Puzzle
NFL
Song
Country
Your Account Isn't Verified!
In order to create a playlist on Sporcle, you need to verify the email address you used during registration. Go to your
Sporcle Settings
to finish the process.
Report this User
Report this user for behavior that violates our
Community Guidelines
.
Details:
Send Report
Go to the Sporcle.com Mobile Site →
Comments